000 00259nam a22001217a 4500
008 170621b xxu||||| |||| 00| 0 eng d
041 _aeng
080 _a94
100 _a18
101 _aSHH
245 _aON OF THE EVOLUTION
_cHENG.L
942 _2udc
_cBK
999 _c18449
_d18449